| 000 | 00375nam a2200133Ia 4500 | ||
|---|---|---|---|
| 008 | 191014s9999 xx 000 0 und d | ||
| 020 | _aLC 6625749 | ||
| 082 |
_a539.721 _bHEI |
||
| 100 |
_aW.Heisenberg _920269 |
||
| 245 | 0 | _aIntroduction to The Unified Field Theory of Elementary Particles | |
| 260 |
_aLondon _bJohn &wiley Sons _c1966 |
||
| 300 | _aIx, 177 | ||
| 942 | _cBK | ||
| 999 |
_c530839 _d530839 |
||